Statistics for Top 5 Songs On Meat Is Murder (The Smiths)

Click here to take the quiz!

General Stats

  • This quiz has been taken 7 times
  • The average score is 4 of 5

Answer Stats

HintAnswer% Correct
18,065,472Barbarism Begins At Home
100%
26,298,378The Headmaster Ritual
86%
32,719,272Well I Wonder
86%
16,417,093That Joke Isn't Funny Anymore
71%
16,041,162Nowhere Fast
57%

Score Distribution

Percentile by Number Answered

Percent of People with Each Score

Your Score History

You have not taken this quiz